Smaill Christian communities (Record no. 130509)
[ view plain ]
| 000 -LEADER | |
|---|---|
| fixed length control field | 00649nam a22001817a 4500 |
| 008 - FIXED-LENGTH DATA ELEMENTS--GENERAL INFORMATION | |
| fixed length control field | 201020b ||||| |||| 00| 0 eng d |
| 020 ## - INTERNATIONAL STANDARD BOOK NUMBER | |
| International Standard Book Number | 9789719952411 |
| 050 ## - LIBRARY OF CONGRESS CALL NUMBER | |
| Classification number | BR127.O51 v.2 |
| 245 ## - TITLE STATEMENT | |
| Title | Smaill Christian communities |
| Remainder of title | fresh stimulus for a forward-looking Church |
| Statement of responsibility, etc | Klaus Kramer and Klaus Vellguth ed. |
| 260 ## - PUBLICATION, DISTRIBUTION, ETC. (IMPRINT) | |
| Place of publication, distribution, etc | Philippines |
| Name of publisher, distributor, etc | Claretian Publications |
| Date of publication, distribution, etc | 2013 |
| 300 ## - PHYSICAL DESCRIPTION | |
| Extent | xii, 354p. ; |
| Dimensions | 22cm. |
| 440 ## - SERIES STATEMENT/ADDED ENTRY--TITLE | |
| Title | One world theology |
| Number of part/section of a work | 2 |
| 9 (RLIN) | 49888 |
| 650 ## - SUBJECT ADDED ENTRY--TOPICAL TERM | |
| Topical term or geographic name as entry element | Christianity and other religions |
| 9 (RLIN) | 49891 |
| 650 ## - SUBJECT ADDED ENTRY--TOPICAL TERM | |
| Topical term or geographic name as entry element | Missions |
| General subdivision | Theology |
| 9 (RLIN) | 49892 |
| 700 ## - ADDED ENTRY--PERSONAL NAME | |
| Personal name | Kramer, Klaus ed. |
| 9 (RLIN) | 49893 |
| 700 ## - ADDED ENTRY--PERSONAL NAME | |
| Personal name | Vellguth, Klaus ed. |
| 9 (RLIN) | 49894 |
| 942 ## - ADDED ENTRY ELEMENTS (KOHA) | |
| Source of classification or shelving scheme | Library of Congress Classification |
| Item type | Monograph ( Printed materials) |
| Withdrawn status | Lost status | Source of classification or shelving scheme | Damaged status | Not for loan | Collection code | Home library | Current library | Shelving location | Date acquired | Total Checkouts | Full call number | Barcode | Date last seen | Price effective from | Koha item type |
|---|---|---|---|---|---|---|---|---|---|---|---|---|---|---|---|
| Library of Congress Classification | Main Collection | ARRUPE LIBRARY | ARRUPE LIBRARY | Main Collection | 20/10/2020 | BR127.O51 v.2 | 46600008403 | 20/10/2020 | 20/10/2020 | Monograph ( Printed materials) |